Регионална библиотека "Любен Каравелов" - Русе

Hollandische Malerei in den Museen der Sowjetunion (Запис номер 211593)

MARC детайли
000 -Лидер
Контролно поле с фиксирана дължина 01123nkm a2200337 c 4500
003 - Код на организацията, давaща контролен номер
Контролно поле BLK
005 - Дата и час на последна редакция
Контролно поле 20200429112922.0
008 - Елементи от данни с фиксирана дължина
fixed length control field 180413b bul rap|r|||| r0| ||bulo|
010 ## - Наследен системен номер
LC control number KNG00185691000
040 ## - Източник на каталожния запис
Идентификатор на билиотеката - собственик на записа BLK
041 ## - Код за език
Код за езика на текст/звукозапис или на отделно заглавие Немски
Код за езика КДБФ Немски
080 ## - УДК
Текстов определител УДК Живопис
УДК код - определител по УДК 75
УДК определител (492):069
УДК - код + определител 75(492):069
139 ## - Редно поле
Редна дума Hollandische Malerei in den Museen der Sowjetunion
Авторски знак Hol - H 75
Filing suffix H 75
Feature heading О 49
245 10 - Сведения за заглавието
Заглавие Hollandische Malerei in den Museen der Sowjetunion
Подзаглавни данни Der Bildband enthalt 322 Abbildungen davon 240 in Farbe
257 ## - Страна на издаване
Страна на създаване/издаване СССР
260 ## - Област на издателските данни
Име на издателя, разпространителя и проч. Aurora
Година на издаване 1983
300 ## - Физическа характеристика
Страници 520 p.
Илюстрации и др. ill.
Размери/Мащаб 34 cm
380 ## - Жанр
Жанр Изкуство
650 #4 - Допълнително описание по предмет – тема
Основно описание – тема или топоним Живопис, нидерландска
9 (RLIN) 305857
650 #4 - Допълнително описание по предмет – тема
Основно описание – тема или топоним Живопис - галерии, изложби, колекции и музеи
9 (RLIN) 254628
651 #4 - Допълнително описание по предмет - топоним
Географско понятие Нидерландия
9 (RLIN) 179265
651 #4 - Допълнително описание по предмет - топоним
Географско понятие Холандия
9 (RLIN) 179745
653 ## - Ключова дума – ненормативна
Ключова дума живопис
653 ## - Ключова дума – ненормативна
Ключова дума Холандия
653 ## - Ключова дума – ненормативна
Ключова дума музеи
852 ## - Местоположение
Форматна сигнатура Цб Гр А ІІ 3143
856 4# - Електронен адрес и достъп
Електронен формат pdf - файл
Път до файла /url/
856 4# - Електронен адрес и достъп
Електронен формат pdf - файл
Път до файла /url/
999 ## - СИСТЕМНИ КОНТРОЛНИ НОМЕРА
Koha biblionumber 211593
Koha biblioitemnumber 211593
942 ## - АРТИКУЛИ
Вид на библиотечния материал Графични издания
Скрит в OPAC Не
Koha issues (borrowed), all copies 1
Периодичен библиозапис Да
944 ## - СЪЗДАВАНЕ И РЕДАКЦИЯ на ЗАПИСА
Създаване/Редакция Създаване
Дата на регистрацията/редакция 22.12.2015
Служител, извършил регистрацията/редакцията Камелия_Данева
944 ## - СЪЗДАВАНЕ И РЕДАКЦИЯ на ЗАПИСА
Създаване/Редакция Редакция
Дата на регистрацията/редакция 22.12.2015
Служител, извършил регистрацията/редакцията Камелия_Данева
999 ## - СИСТЕМНИ КОНТРОЛНИ НОМЕРА
Koha biblioitemnumber 211593
Наличности
Код за отписване Код за изгубен артикул Източник на класификационната схема Код за повреда Коз за рестрикции Код за отдаване Артикулен № Име на библиотеката - собственик Име на библиотеката, в която се намира в момента Статус (Текущо местоположение) Дата на вписване в системата Местоположение - отдел Цена в лева Инвентарен номер Систематично азбучна сигнатура Баркод Номер на екземпляра Цена в евро Служебна бележка Служебен тип на артикула
  Не е изгубен Universal Decimal Classification Не е повреден без рестрикции заемане за дома 363536 Регионална библиотека "Любен Каравелов" Русе Регионална библиотека "Любен Каравелов" Русе Отдел Изкуство - подръчен фонд 1983-01-01 Отдел Изкуство - подръчен фонд 21.76 423134 75/О 49 120000423134 1 11.13 Дост: Pk Вид: Ф N: стар фонд Дата: 01.01.1983 Графични издания
Vip Innovations Ltd, Rousse, Bulgaria 2025